Norske filmtitler - James Bond - Statistics

General Stats
  • This quiz has been taken 23 times
  • The average score is 6 of 14
Answer Stats
Originaltittel Answer % Correct
You Only Live Twice James Bond i Japan
80%
The Man with the Golden Gun Mannen med den gyldne pistol
80%
The Spy who Loved Me Spionen som elsket meg
75%
Diamonds Are Forever Diamanter varer evig
65%
For Your Eyes only Kun for dine øyne
60%
Live and let Die Å leve og la dø
50%
Moonraker Måneraketten
50%
License to Kill Med rett til å drepe
45%
Thunderball Operasjon Tordensky
45%
A view to a Kill Med døden i sikte
35%
The Living Daylights I skuddlinjen
25%
On Her Majesty's Secret Service James Bond i hemmelig tjeneste
20%
Dr. No Agent 007
10%
From Russia with Love Med hilsen fra Russland
5%
No matching quizzes found
Score Distribution
Percent of People with Each Score
Percentile by Number Answered
Your Score History
You have not taken this quiz